| 000 | 00630cam a22002531 4500 | ||
|---|---|---|---|
| 001 | sa 68018475 | ||
| 003 | DLC | ||
| 005 | 20260227112712.0 | ||
| 008 | 891005s1968 ii b 000 0 urdr | ||
| 010 | _asa 68018475 | ||
| 035 | _a(OCoLC)20445023 | ||
| 040 |
_aDLC _cWaU _dDLC |
||
| 042 | _apremarc | ||
| 043 | _aa-ii--- | ||
| 050 | 0 | 0 |
_aPK2167 _b.F3 |
| 100 | 1 |
_aFārūqī, Shamsurraḥmān, _d1935- |
|
| 245 | 1 | 0 | _aLafẓ o maʻnī. |
| 260 | _c[1968] | ||
| 300 |
_a248 p. _c23 cm. |
||
| 500 | _aIn Urdu. | ||
| 504 | _aBibliographical footnotes. | ||
| 650 | 0 |
_aUrdu poetry _xHistory and criticism. |
|
| 650 | 0 | _aPoetics. | |
| 999 |
_c88449 _d88449 |
||